| 000 | 00759cam a2200229 a 4500 | ||
|---|---|---|---|
| 001 | 000006338 | ||
| 005 | 20200929153922.0 | ||
| 008 | 850515s1982 cu b 000 0 spa | ||
| 040 |
_aDO-SdBNP _bspa _cDLC _dBNPHU |
||
| 082 |
_aCu861.44 _bA921p |
||
| 100 | 1 |
_aAugier, Ángel, _d1910- _917654 |
|
| 240 | 1 | 0 |
_aObras en prosa _kSelecciones |
| 245 | 1 | 0 |
_aProsa varia / _cÁngel Augier ; edición Maritza González. |
| 260 |
_aCiudad de la Habana, Cuba : _bEditorial Letras Cubanas, _c1982. |
||
| 300 |
_a499 p. ; _c24 cm. |
||
| 504 | _aIncluye referencias bibliográficas. | ||
| 650 | 4 |
_aLiteratura cubana _ySIGLO XX _99186 |
|
| 650 | 4 |
_aProsa cubana _917655 |
|
| 700 | 1 |
_aGonzález, Maritza _eed. _917656 |
|
| 910 | _aCatalogación por copia / LC | ||
| 049 | _aBNGR | ||
| 999 |
_c6133 _d6133 |
||